000 00487nam a2200193Ia 4500
999 _c28839
_d28839
003 OSt
005 20250524142428.0
008 250310s9999||||xx |||||||||||||| ||und||
020 _a81-7409-115-7
040 _c.
082 _a510.2462
_bG841
100 _91611
_aGrewal, B. S.
245 0 _aHigher engineering mathematics /
_cB. S. Grewal
250 _a36th ed.
260 _aDelhi :
_bKhanna publishers,
_c2001.
300 _a1227 p.
650 0 _931
_aMathematics
942 _cBK
_2ddc